000 01498nam2a22002411 4500
001 rc\489764
005 20250621135144.0
035 _a(NLR Aleph) 005809584
090 _a5374434
_c5374434
100 _a20030616d1988 |||y0rusy50 ca
101 0 _arus
102 _aRU
105 _ay |||||||||
200 0 _aЧ. 2
210 _d1988
_aБ. м.
215 _a253 с.
320 _aБиблиогр. с тексте
461 0 _1001rc\489762
_12001#$aМЕТОДИЧЕСКАЯ разработка цикла ТУ9 "Клиническая фармакология в клинике внутренних болезней"$eЛекции для зав. и врачей терапевт. отд-ний больниц и поликлиник$fМ-во здравоохранения СССР, Центр. ин-т усоверш. врачей$g[Отв. исполн. к. м. н. Г.Ю. Захарова, к. м. н., доц. А.Г. Барханова]$vЧ. 2
_95374417
_cМ.
_d1988
_fМ-во здравоохранения СССР, Центр. ин-т усоверш. врачей
_nЦОЛИЧВ
_oЛекции для зав. и врачей терапевт. отд-ний больниц и поликлиник
_tМЕТОДИЧЕСКАЯ разработка цикла ТУ9 "Клиническая фармакология в клинике внутренних болезней"
_vЧ. 2
801 0 _aRU
_bNLR
_gpsbo
801 1 _aRU
_bELAR
_2rusmarc
852 _aNLR
_j88-3/13808
942 _cBOOK
980 _aNB